Normal view
MARC view
- Management
Entry Topical Term
001 - CONTROL NUMBER
- control field: 4930
003 - CONTROL NUMBER IDENTIFIER
- control field: OSt
005 - DATE AND TIME OF LATEST TRANSACTION
- control field: 20170516112744.0
008 - FIXED-LENGTH DATA ELEMENTS
- fixed length control field: 170516|| aca||aabn | a|a d
040 ## - CATALOGING SOURCE
- Original cataloging agency: OSt
- Transcribing agency: OSt
150 ## - HEADING--TOPICAL TERM
- Topical term or geographic name entry element: Management
- General subdivision: Statistical methods
- General subdivision: Case studies
670 ## - SOURCE DATA FOUND
- Source citation: Work cat.: (OSt)0: Heinze, David Charles 4929, Fundamentals of managerial statistics /, 1980.

PORTAL AKMAL
E-MEL JKDM
AKMAL2U
G-BAM
u-PUSTAKA